[Event "Swiss Queens Wed #7"]
[Site "FIDE Online Arena INT"]
[Date "2024.03.13"]
[Round "5"]
[White "Javakhishvili, Lela"]
[Black "Shubenkova, Veronika"]
[Result "1-0"]
[WhiteElo "2447"]
[BlackElo "2007"]
[PlyCount "97"]
[EventDate "2024.03.13"]
[EventType "swiss (blitz)"]
[EventRounds "11"]
[EventCountry "NET"]
[SourceTitle "CB12_2024"]
[SourceDate "2023.10.01"]
[SourceVersion "1"]
[SourceVersionDate "2023.10.01"]
[SourceQuality "1"]

1. d4 d5 2. Nf3 e6 3. g3 f5 4. Bg2 Nf6 5. 0-0 c6 6. b3 Bd6 7. Ba3 Bxa3 8. Nxa3 Qd6 9. Nb1 Nbd7 10. c4 Ne4 11. Qc2 0-0 12. Nc3 b6 13. Rfc1 Bb7 14. e3 Rac8 15. Qb2 Rfd8 16. b4 Qe7 17. c5 Re8 18. Nxe4 fxe4 19. Ne5 Nxe5 20. dxe5 b5 21. a4 a6 22. axb5 cxb5 23. c6 Rxc6 24. Rxc6 Bxc6 25. Rxa6 Qb7 26. Ra1 Bd7 27. Qd4 Rc8 28. Bf1 Be8 29. Ra7 Qc6 30. h3 h5 31. g4 hxg4 32. hxg4 Bg6 33. Re7 Rf8 34. Qc5 Qa6 35. Qxb5 Qa2 36. Qe2 Qa1 37. Rxe6 Be8 38. Ra6 Qxe5 39. Ra5 Bd7 40. Qa2 Be6 41. Bc4 Qg5 42. Qe2 Rd8 43. Bb3 Qg6 44. Kf1 Bxg4 45. Qa6 Qh7 46. Ke1 Qh1+ 47. Kd2 Qg1 48. Kc3 Kh8 49. Kd4 1-0

[Event "GEO-ch (Women) 81st"]
[Site "Tbilisi"]
[Date "2024.02.17"]
[Round "8"]
[White "Mgeladze, Kesaria"]
[Black "Javakhishvili, Lela"]
[Result "0-1"]
[WhiteElo "2040"]
[BlackElo "2438"]
[PlyCount "88"]
[EventDate "2024.02.09"]
[EventType "tourn"]
[EventRounds "9"]
[EventCountry "GEO"]
[SourceTitle "CB08_2024"]
[SourceDate "2024.02.21"]
[SourceVersion "1"]
[SourceVersionDate "2024.02.21"]
[SourceQuality "1"]

1. e4 g6 2. d4 Bg7 3. Nc3 a6 4. Be3 d6 5. Qd2 b5 6. 0-0-0 Nd7 7. h4 h5 8. Nh3 Nb6 9. Bd3 Nf6 10. f3 Bxh3 11. Rxh3 Nfd7 12. Qf2 Qc8 13. f4 b4 14. Nd5 Nxd5 15. exd5 Nf6 16. f5 Ng4 17. Qe2 gxf5 18. Bg5 0-0 19. Rf3 e6 20. Bc4 Re8 21. dxe6 fxe6 22. Bb3 d5 23. Bf4 c5 24. Ba4 Bxd4 25. Bxe8 Qxe8 26. Rg3 Kf7 27. Rxd4 cxd4 28. Be5 Qe7 29. Bxd4 Qxh4 30. Rh3 Qg5+ 31. Kb1 Re8 32. Rh1 Qf4 33. Bc5 Rc8 34. Rf1 Qc4 35. Qxc4 dxc4 36. Bxb4 Ne3 37. Rh1 Rg8 38. Bd2 Nd5 39. Rh2 Rg4 40. Rxh5 Rxg2 41. Bc1 Rg1 42. c3 Nf4 43. Rh7+ Kg8 44. Rc7 Nd3 0-1

[Event "GEO-ch (Women) 81st"]
[Site "Tbilisi"]
[Date "2024.02.16"]
[Round "7"]
[White "Javakhishvili, Lela"]
[Black "Arabidze, Meri"]
[Result "1-0"]
[WhiteElo "2438"]
[BlackElo "2461"]
[PlyCount "99"]
[EventDate "2024.02.09"]
[EventType "tourn"]
[EventRounds "9"]
[EventCountry "GEO"]
[SourceTitle "CB08_2024"]
[SourceDate "2024.02.21"]
[SourceVersion "1"]
[SourceVersionDate "2024.02.21"]
[SourceQuality "1"]

1. d4 Nf6 2. c4 e6 3. Nf3 d5 4. Nc3 dxc4 5. e4 b5 6. e5 Nd5 7. Nxb5 Nb6 8. Be2 Nc6 9. Be3 Be7 10. 0-0 0-0 11. Nc3 Bb7 12. Na4 Ba6 13. a3 Na5 14. Nd2 Qd7 15. Nc3 Bb7 16. Qc2 f5 17. exf6 gxf6 18. Bf3 Bxf3 19. Nxf3 Kh8 20. Rfe1 Rg8 21. Bf4 Bd6 22. Bg3 Bxg3 23. hxg3 Rae8 24. Re2 Nc6 25. Qe4 e5 26. dxe5 Nxe5 27. Qf4 Ng4 28. Rxe8 Rxe8 29. Rd1 Qg7 30. Nb5 Ne5 31. Nxe5 fxe5 32. Qe4 a6 33. Qc6 Rc8 34. Nc3 Qe7 35. Ne4 Rd8 36. Rxd8+ Qxd8 37. Kh2 Kg7 38. Qc5 Nd5 39. Qxc4 a5 40. Qb5 Kg6 41. Qxa5 Kf5 42. Qa4 h5 43. Qc2 Ke6 44. Nc5+ Kf6 45. Qh7 Qe8 46. a4 Ne7 47. b4 Nf5 48. Qxc7 h4 49. g4 Nd4 50. Nd7+ 1-0

[Event "EU-ch Rapid (Women)"]
[Site "Monaco"]
[Date "2024.01.13"]
[Round "3"]
[White "Papp, Petra"]
[Black "Javakhishvili, Lela"]
[Result "1/2-1/2"]
[WhiteElo "2267"]
[BlackElo "2433"]
[PlyCount "48"]
[EventDate "2024.01.13"]
[EventType "swiss (rapid)"]
[EventRounds "11"]
[EventCountry "MNC"]
[SourceTitle "CB03_2024"]
[SourceDate "2024.01.17"]
[SourceVersion "1"]
[SourceVersionDate "2024.01.17"]
[SourceQuality "1"]

1. e4 c5 2. Nf3 Nc6 3. Nc3 e5 4. Bc4 d6 5. d3 Be7 6. Nd2 Nd4 7. Nf1 Be6 8. Ne3 Nf6 9. 0-0 0-0 10. Ncd5 b5 11. Nxf6+ Bxf6 12. Bd5 Bxd5 13. Nxd5 Bg5 14. c3 Bxc1 15. Rxc1 Ne6 16. a4 a6 17. Ra1 b4 18. cxb4 cxb4 19. Nxb4 Qb6 20. Nd5 Qxb2 21. Rb1 Qa3 22. Ra1 Qb2 23. Rb1 Qa3 24. Ra1 Qb2 1/2-1/2

[Event "EU-ch Blitz (Women)"]
[Site "Monaco"]
[Date "2024.01.12"]
[Round "13"]
[White "Javakhishvili, Lela"]
[Black "Paasikangas Tella, Johanna"]
[Result "1-0"]
[WhiteElo "2433"]
[BlackElo "2038"]
[PlyCount "77"]
[EventDate "2024.01.12"]
[EventType "swiss (blitz)"]
[EventRounds "13"]
[EventCountry "MNC"]
[SourceTitle "CB03_2024"]
[SourceDate "2024.01.17"]
[SourceVersion "1"]
[SourceVersionDate "2024.01.17"]
[SourceQuality "1"]

1. d4 d5 2. Nf3 c6 3. g3 Nf6 4. Bg2 h6 5. 0-0 Bf5 6. c4 e6 7. Qb3 Qb6 8. c5 Qxb3 9. axb3 Na6 10. Bf4 Be7 11. Ne5 0-0 12. Nxc6 bxc6 13. Rxa6 Rfc8 14. Nd2 g5 15. Be5 Nd7 16. Bd6 Bxd6 17. cxd6 Nb8 18. Ra5 Rd8 19. Rfa1 a6 20. b4 Rxd6 21. Nb3 Rd7 22. Nc5 Rda7 23. f3 Bg6 24. e4 f5 25. e5 Kf7 26. Bf1 f4 27. gxf4 gxf4 28. Kf2 Bf5 29. Nxa6 Nxa6 30. Rxa6 Rxa6 31. Rxa6 Rb8 32. Ra4 Bc2 33. Ra7+ Kg6 34. b5 cxb5 35. b4 Bb3 36. Bd3+ Kh5 37. Rg7 Bc4 38. Bb1 Ra8 39. Rg4 1-0

[Event "EU-chT (Women) 24th"]
[Site "Budva"]
[Date "2023.11.18"]
[Round "7.3"]
[White "Javakhishvili, Lela"]
[Black "Lehaci, Miruna Daria"]
[Result "1/2-1/2"]
[WhiteElo "2440"]
[BlackElo "2225"]
[PlyCount "81"]
[EventDate "2023.11.11"]
[EventType "team-swiss"]
[EventRounds "9"]
[EventCountry "MNE"]
[SourceTitle "CB47_2023"]
[SourceDate "2023.11.22"]
[SourceVersion "1"]
[SourceVersionDate "2023.11.22"]
[SourceQuality "1"]
[WhiteTeam "Georgia (W)"]
[BlackTeam "Romania (W)"]
[WhiteTeamCountry "GEO"]
[BlackTeamCountry "ROU"]

1. c4 c5 2. g3 Nc6 3. Bg2 e5 4. Nc3 g6 5. a3 a5 6. Nf3 Bg7 7. 0-0 d6 8. d3 Nge7 9. Ne1 Be6 10. Nc2 d5 11. cxd5 Nxd5 12. Ne4 b6 13. Ng5 Bc8 14. Ne3 Nde7 15. Qb3 0-0 16. Nd5 Nd4 17. Nxe7+ Qxe7 18. Qd1 Bg4 19. Re1 Rac8 20. Be3 h6 21. Bxd4 cxd4 22. Nf3 Rc5 23. Nd2 Be6 24. b4 axb4 25. axb4 Rb5 26. Qa4 Rxb4 27. Qa3 Rc8 28. Rec1 Rxc1+ 29. Qxc1 Qc5 30. Qxc5 bxc5 31. Rc1 Rb2 32. Ne4 Rxe2 33. Nxc5 Bf5 34. Bd5 Rd2 35. Kg2 g5 36. Ra1 Bg6 37. Ra8+ Kh7 38. Ra7 Kg8 39. Ra8+ Kh7 40. Ra7 Kg8 41. Ra8+ 1/2-1/2

[Event "EU-chT (Women) 24th"]
[Site "Budva"]
[Date "2023.11.12"]
[Round "2.1"]
[White "Prado Acebo, Ines"]
[Black "Javakhishvili, Lela"]
[Result "1/2-1/2"]
[WhiteElo "2246"]
[BlackElo "2440"]
[PlyCount "74"]
[EventDate "2023.11.11"]
[EventType "team-swiss"]
[EventRounds "9"]
[EventCountry "MNE"]
[SourceTitle "CB47_2023"]
[SourceDate "2023.11.22"]
[SourceVersion "1"]
[SourceVersionDate "2023.11.22"]
[SourceQuality "1"]
[WhiteTeam "Spain (W)"]
[BlackTeam "Georgia (W)"]
[WhiteTeamCountry "ESP"]
[BlackTeamCountry "GEO"]

1. d4 Nf6 2. c4 e6 3. Nc3 d5 4. Bg5 dxc4 5. e3 a6 6. Bxc4 c5 7. Nf3 b5 8. Be2 Bb7 9. Ne5 cxd4 10. exd4 Be7 11. Bf3 Ra7 12. 0-0 0-0 13. Bxb7 Rxb7 14. Qf3 Rc7 15. Rad1 b4 16. Ne4 Nxe4 17. Bxe7 Qxe7 18. Qxe4 Nd7 19. Nxd7 Rxd7 20. d5 exd5 21. Qxe7 Rxe7 22. Rxd5 Re2 23. Ra5 Rxb2 24. Rxa6 Rd8 25. g3 g6 26. Re1 Rd5 27. Rf6 Kg7 28. Rf4 g5 29. Rf3 f5 30. Rfe3 Rd7 31. R3e2 Rxe2 32. Rxe2 Kf6 33. Rb2 Rd4 34. Rb3 h5 35. h3 h4 36. gxh4 Rxh4 37. a3 bxa3 1/2-1/2

[Event "EU-chT (Women) 24th"]
[Site "Budva"]
[Date "2023.11.11"]
[Round "1.1"]
[White "Javakhishvili, Lela"]
[Black "Klinova, Masha"]
[Result "1-0"]
[WhiteElo "2440"]
[BlackElo "2245"]
[PlyCount "89"]
[EventDate "2023.11.11"]
[EventType "team-swiss"]
[EventRounds "9"]
[EventCountry "MNE"]
[SourceTitle "CB47_2023"]
[SourceDate "2023.11.22"]
[SourceVersion "1"]
[SourceVersionDate "2023.11.22"]
[SourceQuality "1"]
[WhiteTeam "Georgia (W)"]
[BlackTeam "Israel (W)"]
[WhiteTeamCountry "GEO"]
[BlackTeamCountry "ISR"]

1. d4 d6 2. Nf3 g6 3. g3 Bg7 4. Bg2 Nf6 5. c4 0-0 6. Nc3 c6 7. e4 a5 8. 0-0 Na6 9. h3 Nd7 10. Bg5 h6 11. Be3 e5 12. Qd2 Kh7 13. Rad1 Qe7 14. Rfe1 Nc7 15. Qc2 Re8 16. Re2 Nf6 17. Red2 b5 18. dxe5 dxe5 19. Nxe5 Qxe5 20. Bf4 Qc5 21. Bxc7 Qxc4 22. e5 Ng8 23. b3 Qc5 24. Bd6 Qb6 25. Nxb5 cxb5 26. Bxa8 Bf5 27. Be4 Bxh3 28. Qc6 Qxc6 29. Bxc6 Rc8 30. Bxb5 Bg4 31. Be2 Be6 32. Bf3 h5 33. Bd5 Nh6 34. Bxe6 fxe6 35. Be7 Bxe5 36. Rd7 Kg8 37. Rd8+ Rxd8 38. Bxd8 Bc3 39. Rd3 Bb4 40. a3 Bxa3 41. Bxa5 Be7 42. b4 Nf5 43. b5 Bc5 44. Bc7 h4 45. gxh4 1-0

[Event "FIDE Grand Swiss (Women)"]
[Site "Douglas"]
[Date "2023.11.03"]
[Round "9"]
[White "Shuvalova, Polina"]
[Black "Javakhishvili, Lela"]
[Result "0-1"]
[WhiteElo "2506"]
[BlackElo "2437"]
[PlyCount "68"]
[EventDate "2023.10.25"]
[EventType "swiss"]
[EventRounds "11"]
[EventCountry "IOM"]
[SourceTitle "Mega2024 Update 01"]
[Source "Chessbase"]
[SourceDate "2023.11.12"]
[SourceVersion "1"]
[SourceVersionDate "2023.11.12"]
[SourceQuality "1"]

1. e4 c5 2. Nf3 Nc6 3. Bb5 e6 4. 0-0 Nge7 5. Re1 Nd4 6. Nxd4 cxd4 7. c3 a6 8. Bf1 Nc6 9. d3 Bc5 10. Nd2 d6 11. Nb3 Ba7 12. cxd4 0-0 13. Be3 a5 14. a4 Bd7 15. f4 Qb8 16. Kh1 Rc8 17. Qh5 Nb4 18. f5 exf5 19. exf5 Nd5 20. Bg1 Nf6 21. Qg5 Rc2 22. Nxa5 d5 23. b4 h6 24. Qh4 Bxf5 25. Re7 b6 26. Nb3 Rb2 27. Re5 Bd7 28. Nc1 Rxb4 29. Ne2 Qxe5 30. dxe5 Rxh4 31. exf6 Rxa4 32. Rb1 Rc8 33. Bxb6 Rb8 34. Nc3 Rxb6 0-1

[Event "EU-Cup (Women) 27th"]
[Site "Durres"]
[Date "2023.10.01"]
[Round "1.2"]
[White "Eric, Jovana"]
[Black "Javakhishvili, Lela"]
[Result "0-1"]
[WhiteElo "2146"]
[BlackElo "2437"]
[PlyCount "118"]
[EventDate "2023.10.01"]
[EventType "team-swiss"]
[EventRounds "7"]
[EventCountry "ALB"]
[SourceTitle "EXT 2024"]
[Source "ChessBase"]
[SourceDate "2023.10.10"]
[SourceVersion "1"]
[SourceVersionDate "2023.10.10"]
[SourceQuality "1"]
[WhiteTeam "Kumanovo (W)"]
[BlackTeam "Gaz Ukraine (W)"]
[WhiteTeamCountry "MKD"]
[BlackTeamCountry "UKR"]

1. e4 e5 2. Nf3 Nc6 3. Bc4 Nf6 4. d3 h6 5. Nc3 d6 6. a4 g6 7. h3 Bg7 8. Be3 Nb4 9. 0-0 c5 10. Ne2 0-0 11. c3 Nc6 12. Ng3 Qe7 13. Qd2 Kh7 14. b4 b6 15. a5 Rb8 16. axb6 axb6 17. b5 Na5 18. Qe2 Ne8 19. Ba2 Nc7 20. Rab1 Bd7 21. c4 f5 22. exf5 gxf5 23. Bd2 Nb7 24. Rbe1 Be8 25. Bb1 Bg6 26. h4 Kh8 27. h5 Bh7 28. d4 e4 29. d5 Rbe8 30. Bf4 Qf6 31. Nh2 Qh4 32. Qd2 Be5 33. Bxe5+ Rxe5 34. Qc3 Kg8 35. f4 Re7 36. Re3 Ne8 37. Bc2 Rg7 38. Bd1 Kf7 39. Rf2 Na5 40. Be2 Qd8 41. Ngf1 Nf6 42. Nd2 Kg8 43. Ndf1 Kh8 44. Ng3 Qd7 45. Qa1 Bg8 46. Nhf1 Kh7 47. Nh2 Bxd5 48. cxd5 Nxd5 49. Ra3 Nb4 50. Qb2 d5 51. Ngf1 d4 52. Qc1 c4 53. Rxa5 bxa5 54. Qxc4 Rc8 55. Qb3 Rc3 56. Qb1 d3 57. Bd1 Qd4 58. Qb2 Rgc7 59. Qd2 Nd5 0-1

[Event "FRM-chT (Women)"]
[Site "Ohrid"]
[Date "2023.08.31"]
[Round "6.2"]
[White "Javakhishvili, Lela"]
[Black "Voiska, Margarita"]
[Result "1/2-1/2"]
[WhiteElo "2441"]
[BlackElo "2147"]
[PlyCount "56"]
[EventDate "2023.08.26"]
[EventType "team-tourn"]
[EventRounds "7"]
[EventCountry "MKD"]
[SourceTitle "EXT 2024"]
[Source "ChessBase"]
[SourceDate "2023.10.10"]
[SourceVersion "1"]
[SourceVersionDate "2023.10.10"]
[SourceQuality "1"]

1. d4 d5 2. c4 c6 3. Nf3 e6 4. Qc2 Nf6 5. Bg5 Be7 6. e3 0-0 7. Nc3 Nbd7 8. Rd1 Re8 9. a3 a6 10. cxd5 exd5 11. Bd3 Nf8 12. h3 Ne4 13. Bf4 Ng6 14. Bh2 Nxc3 15. Qxc3 Bd6 16. Bxg6 hxg6 17. Bxd6 Qxd6 18. Ne5 Bf5 19. 0-0 f6 20. Nd3 Bxd3 21. Qxd3 g5 22. b4 Re4 23. Rb1 Rae8 24. a4 f5 25. b5 axb5 26. axb5 g4 27. bxc6 bxc6 28. f3 Rxe3 1/2-1/2

[Event "FIDE World Cup (Women)"]
[Site "Baku"]
[Date "2023.08.07"]
[Round "3.8"]
[White "Harika, Dronavalli"]
[Black "Javakhishvili, Lela"]
[Result "1/2-1/2"]
[WhiteElo "2500"]
[BlackElo "2439"]
[PlyCount "79"]
[EventDate "2023.07.30"]
[EventType "k.o."]
[EventRounds "7"]
[EventCountry "AZE"]
[SourceTitle "EXT 2024"]
[Source "ChessBase"]
[SourceDate "2023.10.10"]
[SourceVersion "1"]
[SourceVersionDate "2023.10.10"]
[SourceQuality "1"]

1. Nf3 Nf6 2. g3 d5 3. Bg2 e6 4. 0-0 Be7 5. d3 0-0 6. Bf4 Bd6 7. e3 Nc6 8. d4 Re8 9. Nbd2 e5 10. dxe5 Nxe5 11. Nxe5 Bxe5 12. Bxe5 Rxe5 13. c4 c6 14. cxd5 Nxd5 15. Nc4 Re8 16. e4 Nb6 17. Na5 Qc7 18. Qc2 Be6 19. b4 a6 20. a3 Rad8 21. Rad1 f6 22. h3 Bf7 23. f4 Nc8 24. Kh2 Nd6 25. Rd3 Bg6 26. Rfd1 h5 27. h4 Nf7 28. Rxd8 Rxd8 29. Rxd8+ Nxd8 30. Qd2 Qe7 31. Nc4 Be8 32. Ne3 g6 33. Nc4 Nf7 34. Qd4 Bd7 35. Ne3 Kg7 36. Nc4 Be6 37. Ne3 Bd7 38. Nc4 Be6 39. Ne3 Bd7 40. Nc4 1/2-1/2